[Event "Landesliga U20 Nord 1415"]
[Site "Bayern"]
[Date "2015.01.24"]
[Round "4.4"]
[White "Radeczky, Domonkos"]
[Black "Schilay, Eva"]
[Result "1-0"]
[WhiteElo "1396"]
[BlackElo "1628"]
[PlyCount "133"]
[EventDate "2014.11.15"]
[EventType "team-tourn"]
[EventRounds "7"]
[EventCountry "GER"]
[SourceTitle "EXT 2022"]
[Source "ChessBase"]
[SourceDate "2021.10.06"]
[SourceVersion "1"]
[SourceVersionDate "2021.10.06"]
[SourceQuality "1"]
[WhiteTeam "Regensburg Bavaria U20 II"]
[BlackTeam "Neumarkt U20"]
[WhiteTeamCountry "GER"]
[BlackTeamCountry "GER"]

1. e4 d5 2. exd5 Qxd5 3. Nc3 Qa5 4. d4 c6 5. Nf3 Bf5 6. Bd3 Bg4 7. h3 Bh5 8. g4 Bg6 9. Ne5 Bxd3 10. Qxd3 e6 11. Bd2 Qc7 12. 0-0-0 Bd6 13. Rhe1 Na6 14. a3 0-0-0 15. Qf3 Rf8 16. Nc4 Be7 17. Bf4 Qd8 18. Ne4 Nc7 19. Ned6+ Kb8 20. Kb1 Nf6 21. g5 Nfd5 22. Nxf7 Qc8 23. Re4 Rhg8 24. h4 Ka8 25. Nfe5 Rf5 26. Ne3 Rff8 27. c4 Nxf4 28. Rxf4 Rxf4 29. Qxf4 Rf8 30. Qe4 Bd6 31. Qxh7 Bxe5 32. dxe5 Rf7 33. Rd2 Na6 34. Qd3 Kb8 35. Ng4 Nc5 36. Qd8 Qxd8 37. Rxd8+ Kc7 38. Rd1 Ne4 39. Rd4 Nxf2 40. Nxf2 Rxf2 41. Ka2 Rf5 42. Re4 Kb6 43. Kb3 Kc5 44. Kc3 Rf3+ 45. Kc2 b5 46. cxb5 cxb5 47. Re2 Rf5 48. Rd2 Rxe5 49. Rd7 Re2+ 50. Kb1 g6 51. Rxa7 e5 52. Rg7 Rh2 53. Rxg6 Rxh4 54. Rg8 Rg4 55. g6 Kc4 56. Ka2 Kd4 57. g7 Ke4 58. Kb3 Rg2 59. Kc3 Rg3+ 60. Kb4 Rg2 61. b3 Rg3 62. a4 bxa4 63. bxa4 Rg4 64. a5 Kf5+ 65. Kb5 Kf6 66. a6 Kf7 67. a7 1-0